| Поле | Название | Значение |
| |
Тип записи |
a |
| |
Библиографический уровень |
m |
| 001 |
Контрольный номер |
2e32c78b5d4541e599fb3e9a8d339092 |
| 005 |
Дата корректировки |
20150605115132.8 |
| 010 |
Индекс ISBN |
__ |
| a |
ISBN |
5-91131-383-9 |
| 200 |
Заглавие и сведения об ответственности |
1_ |
| a |
Заглавие |
Экономические и финансовые риски. Оценка, управление, портфель инвестиций |
| f |
Первые сведения об ответственности |
А. С. Шапкин |
| 205 |
Сведения об издании |
__ |
| a |
Основные сведения об издании |
6-е изд. |
| 210 |
Выходные данные |
1_ |
| c |
Издательство |
Дашков и К |
| a |
Место издания |
Москва |
| d |
Дата издания |
2007 |
| 215 |
Физическое описание |
__ |
| a |
Объем |
543,[1] с. |
| 610 |
Ключевые слова |
0_ |
| a |
Ключевые слова |
экономические риски |
| 610 |
Ключевые слова |
0_ |
| a |
Ключевые слова |
риск-менеджмент |
| 610 |
Ключевые слова |
0_ |
| a |
Ключевые слова |
процентные риски |
| 610 |
Ключевые слова |
0_ |
| a |
Ключевые слова |
инвестиционные риски |
| 610 |
Ключевые слова |
0_ |
| a |
Ключевые слова |
кредитные риски |
| 610 |
Ключевые слова |
0_ |
| a |
Ключевые слова |
риск ликвидности |
| 610 |
Ключевые слова |
0_ |
| a |
Ключевые слова |
инфляционный риск |
| 610 |
Ключевые слова |
0_ |
| a |
Ключевые слова |
валютные риски |
| 610 |
Ключевые слова |
0_ |
| a |
Ключевые слова |
риски активов |
| 610 |
Ключевые слова |
0_ |
| a |
Ключевые слова |
диверсификация |
| 610 |
Ключевые слова |
0_ |
| a |
Ключевые слова |
хеджирование |
| 610 |
Ключевые слова |
0_ |
| a |
Ключевые слова |
лимитирование |
| 610 |
Ключевые слова |
0_ |
| a |
Ключевые слова |
инвестиционный портфель |
| 610 |
Ключевые слова |
0_ |
| a |
Ключевые слова |
портфель Марковица |
| 610 |
Ключевые слова |
0_ |
| a |
Ключевые слова |
теория ожидаемой полезности |
| 610 |
Ключевые слова |
0_ |
| a |
Ключевые слова |
теория рационального поведения |
| 610 |
Ключевые слова |
0_ |
| a |
Ключевые слова |
управление рисками |
| 686 |
Индексы других классификаций |
__ |
| a |
Классификационный индекс |
65.9(2)26-21 |
| 2 |
Код системы |
rubbk |
| 700 |
Автор |
_1 |
| a |
Фамилия |
Шапкин |
| b |
Имя |
А. С. |
| g |
Полное личное имя |
Александр Сергеевич |
| 801 |
Источник записи |
_0 |
| a |
Страна |
RU |
| b |
Организация |
РУК |
| c |
Дата составления |
20071010 |
| g |
Правила каталогизации |
PSBO |
| 801 |
Источник записи |
_1 |
| a |
Страна |
RU |
| b |
Организация |
РУК |
| c |
Дата составления |
20071010 |
| g |
Правила каталогизации |
PSBO |
| 852 |
Данные о местонахождении |
__ |
| j |
Шифр хранения |
ББК 65.9(2)26 |
| i |
Авторский знак |
Ш 23 |
| 901 |
Тип документа |
__ |
| t |
Тип документа |
m |
| 938 |
Служебная информация |
__ |
| a |
Название организации |
Головной вуз |
| b |
Имя БД |
BOOK |
| c |
Название АИБС |
АИБС ИРБИС |
| 938 |
Служебная информация |
__ |
| a |
Название организации |
Владимирский филиал |